000 00893cam a2200289 4500
999 _c128888
_d128888
001 3206439
003 ARRUPE
005 20190201091643.0
008 710922s1971 sa a b 001 0 eng
010 _a 77594216
015 _aSANB***
020 _a036000105X
040 _aDLC
_cDLC
_dDLC
043 _af-sa---
050 0 0 _aSPC. GN865.S5
_bW6
100 1 _aWoodhouse, H. C.,
_d1919-
_944350
245 1 0 _aArchaeology in Southern Africa
_c[by] H. C. Woodhouse.
260 _aCape Town,
_bPurnell
_c[1971]
300 _a170 p.
_billus. (part col.)
_c22 cm.
350 _aR4.50
504 _aBibliography: p. 165.
650 0 _aPrehistoric peoples
_zSouth Africa.
_938257
650 0 _aAntiquities, Prehistoric
_zSouth Africa.
_944351
650 0 _aStone age
_zSouth Africa.
_944352
651 0 _aSouth Africa
_xAntiquities.
_944353
906 _a7
_bcbc
_corignew
_d4
_encip
_f19
_gy-gencatlg
942 _2lcc
_cSPC